Normal view
MARC view
Entry Personal Name
001 - CONTROL NUMBER
- control field: 50640
003 - CONTROL NUMBER IDENTIFIER
- control field: dpl
005 - DATE AND TIME OF LATEST TRANSACTION
- control field: 20120731114916.0
008 - FIXED-LENGTH DATA ELEMENTS
- fixed length control field: 120731|||a|||||| | ||| d
040 ## - CATALOGING SOURCE
- Original cataloging agency: dpl
- Transcribing agency: dpl
100 ## - HEADING--PERSONAL NAME
- Personal name: Kumar, Alok,
670 ## - SOURCE DATA FOUND
- Source citation: Work cat.: (dpl)68811: Kumar, Alok,, Upkar's quick refernce and keyboar shortcuts;
670 ## - SOURCE DATA FOUND
- Source citation: Work cat.: (dpl)68811: Kumar, Alok,, Upkar's quick refernce and keyboar shortcuts;
